Представление документа в формате MARC21

Поле Инд. ПП Название Значение
Тип записи a
Библиографический уровень b
001 Контрольный номер RU/IS/BASE/126873557
005 Дата корректировки 20200615073623.4
084 a Индекс другой классификации/Индекс ББК 60.561.1
a Индекс другой классификации/Индекс ББК 60.803
100 1_ a Автор Зуб А. Т.
245 a Заглавие Модели и методы стратегического управления
504 a Библиография Библиогр. ссылки
650 a Основная рубрика социальное управление
a Основная рубрика социология
a Основная рубрика социология управления
653 a Ключевые слова инкрементальная модель управления
a Ключевые слова классическая модель управления
a Ключевые слова классический тип менеджмента
a Ключевые слова методы управления
a Ключевые слова модели управления
a Ключевые слова системная модель управления
a Ключевые слова стратегический менеджмент
a Ключевые слова стратегическое управление
a Ключевые слова эволюционная модель управления
773 t Заглавие источника Вестник Московского университета. Серия 18, Социология и политология
d Дата издания источника 2003
g Прочая информация № 3. - С. 107 - 126 : граф.
w Контрольный № источника RU/IS/BASE/121270811
901 t Тип документа b